000 00872nam a2200229 a 4500
001 18985
003 CO-ViMGA
008 141112s2004 ck r 000 u spa d
020 _a8428322031
040 _aCO-ViMGA
_bspa
_cCO-ViMGA
082 0 4 _a658.456 W177o
100 1 _aWatt, Cristina
_927166
245 1 0 _aOrganización de Reuniones; Congresos, Jornadas, Seminarios, Cursos, Grupos de trabajo, Talleres, Charlas ...
260 _aMadrid :
_bParaninfo; 1995
300 _a126 p.
505 _aModalidades de reunión Organización de medios Organización Tecnica Organización interna Organización Económica
590 _aForma de adquisición : Proyecto 2005 - - Precio : 35.100
650 1 4 _aEVENTOS - ORGANIZACION
_927167
650 1 4 _aREUNIONES - ORGANIZACION
_927168
650 1 4 _aREUNIONES DE TRABAJO - ORGANIZACION - METODOLOGIA
_917313
942 _2ddc
_cBK
999 _c28175
_d28175